01777nam a2200469 i 450000100060000000300080000600500170001400600190003100700150005000800410006502000180010602000270012403500230015103500240017403500250019803500210022304000310024405000210027508000140029608200160031010000250032624500870035126400430043830000410048133600310052233700330055333800430058649000250062950000230065450400290067758801240070659001590083065000380098965000500102765000380107765000410111565500270115679700190118383000260120285600620122899900170129021882FlNmELB20241216213948.0m o d | cr cnu||||||||160605s2014 sp ob 001 0 spa d z9788468155647 a9788468164434 (e-book) a(MiAaPQ)EBC4508033 a(Au-PeEL)EBL4508033 a(CaPaEBR)ebr11205502 a(OCoLC)984823982 aFINmELBbspaerdacFINmELB 4aTL296bC319 2014 a621.868.20 a621.8632231 aCarro Lupardo, Etor.10aManual :boperaciones con traspalés y carretillas de mano /cEtor Carro Lupardo. 1aMadrid :bEditorial CEP, S.L.,c[2014] a1 recurso en línea (107 páginas) atextobtxt2rdacontent/spa acomputadorabc2rdamedia/spa arecurso en líneabcr2rdacarrier/spa1 aComercio y Marketing aContiene índice. aContiene bibliografía. aDescripción basada en recurso en línea; Título de la página del título en PDF (e-libro, visto June 05, 2016). aRecurso electronico. Santa Fe, Arg. : e-libro, 2016. Disponible via World Wide Web. El acceso puede ser limitado para las bibliotecas afiliadas a e-libro. 0aForklift trucksxSafety measures. 4aCarretillas elevadorasxMedidas de seguridad. 0aPallets (shipping, storage, etc.) 4aPaletasxTransporte, almacenamiento. 4aLibros electrónicos.2 ae-libro, Corp. 0aComercio y Marketing.40uhttps://elibro.net/ereader/politecnicointernacional/51082 c21882d21882